| 000 | 00785nam a22002177a 4500 | ||
|---|---|---|---|
| 005 | 20111223100457.0 | ||
| 008 | 111223t xxu||||| |||| 00| 0 eng d | ||
| 010 | _aENG-104445 | ||
| 020 |
_a9788178331409 _c1275.00 |
||
| 035 | _aEN-87978 | ||
| 037 | _bDBAD/PUB | ||
| 040 |
_aDPL _bEng |
||
| 082 | _a614.7 | ||
| 100 |
_937371 _aPanda,H. |
||
| 245 | 0 | 0 |
_aThe complete guide on industrial pollution control / _b _cby H. Panda |
| 260 |
_aDelhi _bAsia Pacific Business Press _c(201?) |
||
| 270 |
_a106-E, Kamla Nagar, _b Delhi _e110007 |
||
| 300 |
_a466p. _c22cm (pbk) |
||
| 942 |
_2ddc _cEN _mPAN _h614.7 |
||
| 999 |
_c59915 _d59915 |
||